Bibah, pariyal aru swajan (GEC3)/ (Record no. 12223)

MARC details
000 -LEADER
fixed length control field 00663nam a22002177a 4500
005 - DATE AND TIME OF LATEST TRANSACTION
control field 20250902115112.0
008 - FIXED-LENGTH DATA ELEMENTS--GENERAL INFORMATION
fixed length control field 250902b |||||||| |||| 00| 0 eng d
020 ## - INTERNATIONAL STANDARD BOOK NUMBER
International Standard Book Number 9788119679904
040 ## - CATALOGING SOURCE
Original cataloging agency IN-DiNC
Transcribing agency IN-DiNC
041 ## - LANGUAGE CODE
Language code of sung or spoken text Assamese
082 ## - DEWEY DECIMAL CLASSIFICATION NUMBER
Classification number 306.8
Item number PHU
100 ## - MAIN ENTRY--PERSONAL NAME
Personal name Phukan, Diganta Kumar
Relator term Author
245 ## - TITLE STATEMENT
Title Bibah, pariyal aru swajan (GEC3)/
Statement of responsibility, etc. by Diganta Kumar Phukan, Tapan Saikia and Hemanta Kumar Hazarika
250 ## - EDITION STATEMENT
Edition statement 1st ed.
260 ## - PUBLICATION, DISTRIBUTION, ETC.
Place of publication, distribution, etc. Jorhat:
Name of publisher, distributor, etc. Bidya bhawan,
Date of publication, distribution, etc. 2024.
300 ## - PHYSICAL DESCRIPTION
Extent 144p.
650 ## - SUBJECT ADDED ENTRY--TOPICAL TERM
Topical term or geographic name entry element Marriage, family and kinship (GEC3)
700 ## - ADDED ENTRY--PERSONAL NAME
Personal name Saikia, Tapan
Relator term Author
700 ## - ADDED ENTRY--PERSONAL NAME
Personal name Hazarika, Hemanta Kumar
Relator term Author
942 ## - ADDED ENTRY ELEMENTS (KOHA)
Source of classification or shelving scheme Dewey Decimal Classification
Koha item type Books
Holdings
Withdrawn status Lost status Source of classification or shelving scheme Damaged status Not for loan Collection code Home library Current library Shelving location Date acquired Cost, normal purchase price Total Checkouts Full call number Barcode Date last seen Date last checked out Copy number Price effective from Koha item type
    Dewey Decimal Classification     Sociology Naharkatiya College Library Naharkatiya College Library General Stacks 02/09/2025 150.00 4 306.8 PHU 30983 10/12/2025 18/11/2025 1 02/09/2025 Books
    Dewey Decimal Classification     Sociology Naharkatiya College Library Naharkatiya College Library General Stacks 02/09/2025 150.00 5 306.8 PHU 30984 26/11/2025 20/11/2025 2 02/09/2025 Books
    Dewey Decimal Classification     Sociology Naharkatiya College Library Naharkatiya College Library General Stacks 02/09/2025 150.00 4 306.8 PHU 30985 26/11/2025 14/11/2025 3 02/09/2025 Books

Naharkatiya College © 2020. All rights reserved.

Powered By